MARC

LEADER 00000nam0a2200000 4500
001 310944
005 20231102002334.0
035 |a (RuTPU)RU\TPU\book\336299 
090 |a 310944 
100 |a 20151201d1981 m y0rusy5003 ca 
101 0 |a rus 
102 |a UA 
105 |a a j 001zy 
200 1 |a Сопротивление материалов в примерах и задачах  |e учебное пособие  |f Б. А. Ободовский, С. Е. Ханин 
205 |a 4 -е изд., перераб. и доп. 
210 |a Харьков  |c Вища школа  |d 1981 
215 |a 344 с.  |c ил.  |d 22 см. 
320 |a Библиогр.: с. 340-342 
606 1 |a Сопротивление материалов  |x Математические методы  |2 stltpush  |3 (RuTPU)RU\TPU\subj\71875  |9 85576 
610 1 |a растяжение 
610 1 |a сжатие 
610 1 |a напряженно-деформированное состояние 
610 1 |a срез 
610 1 |a смятие 
610 1 |a практические расчеты 
610 1 |a плоские сечения 
610 1 |a геометрические характеристики 
610 1 |a балки 
610 1 |a изгиб 
610 1 |a статически неопределимые системы 
610 1 |a брус 
610 1 |a брусья 
610 1 |a цилиндры 
610 1 |a студенческие учебно-исследовательские работы 
610 1 |a примеры 
610 1 |a задачи 
610 1 |a учебные пособия 
675 |a 539.3/.6(076)  |z rus  |v 4 
700 1 |a Ободовский  |b Б. А.  |g Борис Арнольдович  |4 070 
701 1 |a Ханин  |b С. Е.  |g Соломон Ефимович  |4 070 
801 0 |a RU  |b RuMRKP  |c 19950704  |g psbo 
801 1 |a RU  |b 63413507  |c 20151201 
801 2 |a RU  |b 63413507  |c 20180919  |g RCR 
942 |c BK